Rosario de sonetos líricos
Guardado en:
| Hovedforfatter: | |
|---|---|
| Format: | Bog |
| Sprog: | Undetermined |
| Udgivet: |
Madrid, España
Afrodisio Aguado
1950
|
| Fag: | |
| Tags: |
Tilføj Tag
Ingen Tags, Vær først til at tagge denne postø!
|
MARC
| LEADER | 00000nam a2200000Ia 4500 | ||
|---|---|---|---|
| 008 | 170316s9999 xx 000 0 und d | ||
| 999 | |c 25877 |d 25877 | ||
| 040 | |a cru BVZT | ||
| 090 | |a 862 U-2r | ||
| 100 | |a Unamuno, Miguel de | ||
| 245 | |a Rosario de sonetos líricos |c Miguel de Unamuno | ||
| 260 | |a Madrid, España |b Afrodisio Aguado |c 1950 | ||
| 300 | |a 167 páginas | ||
| 650 | |a LITERATURA ESPAÑOLA |9 23 | ||
| 942 | |c 15 D |h 862 U-2r |2 z | ||
